书目信息 |
| 题名: |
世界近现代史学习指导
|
|
| 作者: | 田仲文 编 | |
| 分册: | ||
| 出版信息: | 北京 北京大学出版社 1990.10 |
|
| 页数: | 198页 | |
| 开本: | 19cm | |
| 丛书名: | ||
| 单 册: | ||
| 中图分类: | K14 | |
| 科图分类: | 21.124 | |
| 主题词: | 世界史∶近代史--电视大学--教学参考资料 , 世界史∶现代史--电视大学--教学参考资料 , 现代史∶世界史--电视大学--教学参考资料 , 近代史∶世界史--电视大学--教学参考资料 | |
| 电子资源: | ||
| ISBN: | 7-301-01226-8 | |
| 000 | 00936nam 2200277 45 | |
| 001 | 0191007246 | |
| 005 | 20070712103304.99 | |
| 010 | @a7-301-01226-8@dCNY2.85 | |
| 100 | @a19910327d1990 em y0chiy0121 ea | |
| 101 | 0 | @achi |
| 102 | @aCN@b110000 | |
| 105 | @ay z 000yy | |
| 200 | 10 | @a世界近现代史学习指导@ASHI JIE JIN XIAN DAI SHI XUE XI ZHI DAO@f田仲文等编@FTIAN ZHONG WEN DENG BIAN |
| 210 | @a北京@c北京大学出版社@d1990.10@h1992 | |
| 215 | @a198页@d19cm | |
| 330 | @a本书是中央电大统编教材《世界近现代史》的配套教材。 | |
| 540 | 1 | @a世界 近现代@ASHI JIE JIN XIAN DAI |
| 606 | @a世界史∶近代史@x电视大学@x教学参考资料 | |
| 606 | @a世界史∶现代史@x电视大学@x教学参考资料 | |
| 606 | @a现代史∶世界史@x电视大学@x教学参考资料 | |
| 606 | @a近代史∶世界史@x电视大学@x教学参考资料 | |
| 690 | @aK14 | |
| 692 | @a21.124 | |
| 701 | 0 | @a田仲文@ATIAN ZHONG WEN@4编 |
| 801 | 0 | @aCN@bTSSF@c20070712 |
| 905 | @a10447@dK14@e176 | |
| 世界近现代史学习指导/田仲文等编.-北京:北京大学出版社,1990.10(1992) |
| 198页;19cm |
| ISBN 7-301-01226-8:CNY2.85 |
| 本书是中央电大统编教材《世界近现代史》的配套教材。 |
| ● |
| 相关链接 |
|
|
|
|
正题名:世界近现代史学习指导
索取号:K14/176
 
预约/预借
| 序号 | 登录号 | 条形码 | 馆藏地/架位号 | 状态 | 备注 |
| 1 | 0765176 | 207651762 | 第二样本阅览室/ [索取号:K14/176] | 在馆 |